00000000cam 2200000zi 4500
0019.958274
003CaOODSP
00520251212155238
006m     o  d f      
007cr |n|||||||||
008251212s1926    nscda   o    f|0| 0 eng d
040 |aCaOODSP|beng|erda|cCaOODSP
043 |an-cn---
0861 |aFs52-5/13-1926E-PDF
1001 |aWeld, C.B., |eauthor.
24510|aChanges in size of fish during brining / |cC.B. Weld.
24617|aChanges during brining
264 1|aHalifax : |bBiological Board of Canada, |c1926.
300 |a1 online resource (22 pages) : |bcharts, illustrations.
336 |atext|btxt|2rdacontent
337 |acomputer|bc|2rdamedia
338 |aonline resource|bcr|2rdacarrier
4901 |aManuscript reports of the experimental stations ; |vno. 13
500 |aDigitized edition from print [produced by Department of Fisheries and Oceans].
650 0|aSalted fish|xExperiments.
650 6|aPoisson salé|xExpériences.
7102 |aBiological Board of Canada, |eissuing body.
830#0|aManuscript reports of the experimental stations ;|vno. 13.|w(CaOODSP)9.948621
85640|qPDF|s9.99 MB|uhttps://publications.gc.ca/collections/collection_2025/mpo-dfo/fs52-5/Fs52-5-13-1926-eng.pdf